Central Library OPAC University of Rajshahi

The student's commercial book-keeping / (Record no. 75379)

MARC details
000 -LEADER
fixed length control field 00733nam a22002653 4500
001 - CONTROL NUMBER
control field 75379
003 - CONTROL NUMBER IDENTIFIER
rucl marc code BD-RjUL
005 - DATE AND TIME OF LATEST TRANSACTION
control field 20211209082659.0
008 - FIXED-LENGTH DATA ELEMENTS--GENERAL INFORMATION
fixed length control field 190330s1900 enkd 001 0
035 ## - SYSTEM CONTROL NUMBER
System control number (BD-RjUl)75597
040 ## - CATALOGING SOURCE
Original cataloging agency BD-RjUL
Language of cataloging eng
Transcribing agency BD-RjUL
041 ## - LANGUAGE CODE
Language code of text/sound track or separate title eng
082 ## - DEWEY DECIMAL CLASSIFICATION NUMBER
Edition number 23
Classification number 657.2
Author mark and year FIS 1900
092 ## - LOCALLY ASSIGNED DEWEY CALL NUMBER (OCLC)
Classification number IO891
100 1# - MAIN ENTRY--PERSONAL NAME
Personal name Fieldhouse, Arthur.
9 (RLIN) 229838
245 14 - TITLE STATEMENT
Title The student's commercial book-keeping /
Statement of responsibility, etc. Arthur Fieldhouse
250 ## - EDITION STATEMENT
Edition statement 5th ed., revised.
260 ## - PUBLICATION, DISTRIBUTION, ETC. (IMPRINT)
Place of publication, distribution, etc. london ;
Date of publication, distribution, etc. (1900)
Name of publisher, distributor, etc. simpkin marshall ,
300 ## - PHYSICAL DESCRIPTION
Size cm.18
Pagination 466 p. :
Illustrations ill. ;
650 ## - SUBJECT ADDED ENTRY--TOPICAL TERM
Topical term or geographic name as entry element Book-keeping
9 (RLIN) 229839
690 00 - LOCAL SUBJECT ADDED ENTRY--TOPICAL TERM (OCLC, RLIN)
Topical term or geographic name as entry element Finance
752 ## - ADDED ENTRY--HIERARCHICAL PLACE NAME
Country or larger entity England
City Leeds
942 ## - ADDED ENTRY ELEMENTS (KOHA)
Source of classification or shelving scheme Dewey Decimal Classification
Koha item type Books
Holdings
Lost status Source of classification or shelving scheme Damaged status Not for loan Collection code Permanent Location Current Location Shelving location Date acquired Cost, normal purchase price Total Checkouts Full call number Date last seen Copy number Koha item type
  Dewey Decimal Classification   Not For Loan Non-fiction Central Library, University of Rajshahi Central Library, University of Rajshahi Reading Room 18/05/1957 20.00   657.2 FIS 1900 30/03/2019 C-1 Books
  Dewey Decimal Classification     Non-fiction Central Library, University of Rajshahi Central Library, University of Rajshahi   17/05/1957 20.00   657.2 FIS 1900 21/09/2021 C-2 Books